LDR 00655naa#a2200169#i#450# 001 EN\\bibl\126839 005 20260701045835.3 011 ## _a2782-4926 100 ## _a20260630b2026####ek#y0engy0150####ca 102 ## _aRU 200 1# _a"FISHERMEN" BY VLADIMIR MAKOVSKY. THE MAIEUTIC POTENTIAL _eJournal article 210 1# _aKrasnoyarsk _cKrasnoyarsk regional public organization Commonwealth of Enlighteners of Krasnoyarsk _d2026 215 ## _a9 с. 608 ## _aJournal article _2local 675 ## _aНародность в живописи. Социальное значение живописи. 75.011.2 _z 700 #1 _aSmolina _gMaya Gavrilovna 856 4# _asiberianart-journal.ru _u